000 00636nam a2200265Ia 4500
005 20260121172939.0
008 008 260114s9999 xx 000 0 eng d
020 _a9783030791544
037 _aEBOOK
040 _aCRL
040 _beng
040 _cCRL
041 _2eng
041 _aeng
084 _qCRL
100 _aClive Bloom
_91094731
245 0 _aBestsellers: Popular Fiction Since 1900
260 _bSpringer
260 _bSpringer
260 _c2021
856 _uhttps://link.springer.com/openurl?genre=book&isbn=978-3-030-79154-4
942 _cEBOOK
999 _c1660473
_d1660473